[Event "Czech Chess Christmas 2010"]
[Site "Litomysl"]
[Date "2010.12.31"]
[Round "7.19"]
[White "Niemers, Johannes"]
[Black "Seidl, Stepan"]
[Result "0-1"]
[WhiteElo "1999"]
[BlackElo "2088"]
[PlyCount "94"]
[EventDate "2010.12.26"]

1. d4 Nf6 2. c4 g6 3. Nc3 d5 4. Nf3 Bg7 5. g3 O-O 6. cxd5 Nxd5 7. Bg2 Nc6 8.
O-O Nb6 9. e3 a5 10. Bd2 e5 11. dxe5 Nxe5 12. Nxe5 Bxe5 13. Qc2 c6 14. Rad1 Qc7
15. e4 Be6 16. b3 a4 17. bxa4 Nc4 18. Bh6 Rfd8 19. Rxd8+ Rxd8 20. Nb1 Qd6 21.
Bf3 Bd4 22. Bf4 Qe7 23. h4 f6 24. Be2 g5 25. hxg5 fxg5 26. Bxc4 gxf4 27. Kg2
Kh8 28. Bxe6 Qxe6 29. Qb3 Qxe4+ 30. Qf3 Qxf3+ 31. Kxf3 fxg3 32. Kxg3 Rg8+ 33.
Kf3 Ra8 34. Nd2 Rxa4 35. Ne4 Rxa2 36. Kg4 b5 37. f4 b4 38. Rb1 c5 39. f5 Kg7
40. Kf4 Rb2 41. Rh1 Re2 42. Rh3 Rg2 43. Kf3 Rg1 44. Kf4 Rf1+ 45. Kg4 Rg1+ 46.
Kf4 c4 47. Ng5 Rxg5 0-1

[Event "Czech Chess Christmas 2010"]
[Site "Litomysl"]
[Date "2011.01.01"]
[Round "8.2"]
[White "Svana, Peter"]
[Black "Likavsky, Tomas"]
[Result "0-1"]
[WhiteElo "2227"]
[BlackElo "2466"]
[PlyCount "182"]
[EventDate "2010.12.26"]

1. d4 Nf6 2. c4 e6 3. Nf3 d5 4. Nc3 Nbd7 5. e3 a6 6. cxd5 exd5 7. Bd3 b6 8. Ne5
Bb7 9. O-O Bd6 10. f4 Ne4 11. Nxe4 dxe4 12. Bc4 O-O 13. Qb3 Qe7 14. Bd2 Rad8
15. a4 g6 16. Bc3 a5 17. Rac1 Ba8 18. Bd5 Bxd5 19. Qxd5 Nf6 20. Qc4 Qe6 21.
Qxe6 fxe6 22. Nc6 Ra8 23. Bd2 Nd5 24. Ne5 g5 25. fxg5 Rxf1+ 26. Rxf1 Bxe5 27.
dxe5 Kg7 28. h4 c5 29. g4 c4 30. Rc1 Rc8 31. Kf2 Kf7 32. Bc3 Ke7 33. Bd4 Rf8+
34. Kg2 Rf3 35. Rxc4 Rxe3 36. Rc7+ Nxc7 37. Bxe3 Nd5 38. Bd4 Kf7 39. h5 Kg7 40.
Kf2 Kf7 41. Ke2 Kg7 42. Kd2 Kf7 43. Kc2 Kg7 44. Kb3 Kf7 45. Kc4 Kg7 46. Bf2 e3
47. Be1 Nf4 48. Kb5 Nd3 49. Bc3 Nc5 50. b4 axb4 51. Bxb4 e2 52. Bc3 Kf7 53. Bd2
Kg7 54. Kc4 Nxa4 55. Kd3 Nc5+ 56. Kxe2 Kf7 57. Be3 Nd7 58. Bd4 b5 59. Kd3 Nb8
60. Bc5 Nc6 61. Bd6 Kg7 62. Ke4 Kf7 63. Kf4 Kg7 64. Bc7 Kf7 65. Bb6 Kg7 66. Bc5
Kf7 67. Bd6 Kg7 68. Kg3 b4 69. Kf2 b3 70. Ba3 Na5 71. Ke2 Nc4 72. Bc1 b2 73.
Bxb2 Nxb2 74. Ke3 Nc4+ 75. Kd4 Nd2 76. Ke3 Nc4+ 77. Kd4 Nd2 78. Ke3 Nb3 79. Kd3
Nc5+ 80. Kd4 Nd7 81. Ke4 Kg8 82. Kd4 Kf7 83. Ke4 Nb8 84. Kd4 Nc6+ 85. Ke4 Kg7
86. Kf4 Nd8 87. Ke4 Nf7 88. Kf4 Kg8 89. g6 hxg6 90. hxg6 Nd8 91. Ke4 Nc6 0-1

[Event "Czech Chess Christmas 2010"]
[Site "Litomysl"]
[Date "2011.01.01"]
[Round "8.3"]
[White "Biolek, Richard"]
[Black "Jedlicka, Ales"]
[Result "1-0"]
[WhiteElo "2413"]
[BlackElo "2261"]
[PlyCount "123"]
[EventDate "2010.12.26"]

1. e4 c6 2. d4 d5 3. e5 Bf5 4. Nc3 Qb6 5. g4 Bd7 6. Na4 Qa5+ 7. c3 e6 8. Nf3 c5
9. Nxc5 Bxc5 10. dxc5 Qxc5 11. Nd4 Ne7 12. Be3 Qc7 13. f4 a6 14. Bg2 Nbc6 15.
O-O h5 16. g5 Nxd4 17. Bxd4 Nf5 18. Bh3 Nxd4 19. cxd4 g6 20. Rf3 Qb6 21. Rb3
Qa7 22. Rc3 O-O 23. Rac1 Rac8 24. Rc5 Qb6 25. Qd2 Rxc5 26. dxc5 Qb5 27. Qd4 Rc8
28. Bf1 Qa5 29. a3 b6 30. Qb4 Rxc5 31. Rxc5 Qxb4 32. axb4 bxc5 33. bxc5 a5 34.
Kf2 Kf8 35. Ke3 Ke7 36. h4 Ba4 37. Kd4 Kd7 38. f5 exf5 39. Kxd5 Bc6+ 40. Kd4
Ke7 41. Bc4 f4 42. Kc3 f3 43. Kd3 Ke8 44. Ke3 Ke7 45. Bb3 Bb7 46. Kf2 Bc6 47.
Ke3 Bb7 48. e6 f6 49. gxf6+ Kxf6 50. Bc2 Bc6 51. e7 Kf7 52. e8=B+ Bxe8 53. Kxf3
Ke6 54. Ke4 g5 55. Bb3+ Kf6 56. hxg5+ Kxg5 57. Ke5 h4 58. Be6 Bb5 59. Kd6 Kf4
60. c6 Ke4 61. c7 Ba6 62. Kc6 1-0

[Event "Czech Chess Christmas 2010"]
[Site "Litomysl"]
[Date "2011.01.01"]
[Round "8.4"]
[White "Novotny, Michal"]
[Black "Kanovsky, David"]
[Result "0-1"]
[WhiteElo "2255"]
[BlackElo "2497"]
[PlyCount "60"]
[EventDate "2010.12.26"]

1. Nf3 Nf6 2. c4 e6 3. Nc3 d5 4. cxd5 exd5 5. d4 c6 6. Bg5 Be7 7. e3 O-O 8. Bd3
Nbd7 9. O-O Re8 10. Qc2 Nf8 11. Bxf6 Bxf6 12. b4 Bg4 13. Rac1 Bxf3 14. gxf3 Be7
15. Rb1 Bd6 16. f4 Re6 17. Kh1 Rh6 18. Rg1 Ne6 19. Rg4 Qf6 20. Ne2 Re8 21. a3
Kh8 22. Ng3 g6 23. Qb2 Bxf4 24. exf4 Nxf4 25. Qd2 Nxd3 26. Kg2 Qe6 27. h3 f5
28. Qxh6 fxg4 29. hxg4 Qxg4 30. Rb3 Qxd4 0-1

[Event "Czech Chess Christmas 2010"]
[Site "Litomysl"]
[Date "2011.01.01"]
[Round "8.5"]
[White "Sabol, Marian"]
[Black "Olsarova, Karolina"]
[Result "1/2-1/2"]
[WhiteElo "2392"]
[BlackElo "2202"]
[PlyCount "73"]
[EventDate "2010.12.26"]

1. b3 d5 2. Bb2 Nf6 3. e3 c6 4. f4 Bg4 5. Nf3 e6 6. g3 Nbd7 7. Bg2 Bd6 8. O-O
O-O 9. h3 Bxf3 10. Qxf3 e5 11. Nc3 Re8 12. Qf2 Qe7 13. Rae1 Nf8 14. Ne2 exf4
15. Nxf4 Be5 16. d4 Bc7 17. c4 Rad8 18. Bf3 Ne6 19. h4 Nxf4 20. exf4 Qd7 21.
Rxe8+ Rxe8 22. Re1 Ne4 23. Bxe4 dxe4 24. Qe3 Qh3 25. Qf2 Re6 26. Qg2 Qf5 27.
Bc1 h5 28. Be3 Rg6 29. Kh2 Bd8 30. Qe2 Re6 31. Rg1 Bc7 32. Rd1 Rd6 33. Rd2 Ba5
34. Rd1 Bd8 35. Rg1 Bf6 36. Rd1 Bd8 37. Rd2 1/2-1/2

[Event "Czech Chess Christmas 2010"]
[Site "Litomysl"]
[Date "2011.01.01"]
[Round "8.6"]
[White "Strebkovs, Andrejs"]
[Black "Bures, Jaroslav"]
[Result "1/2-1/2"]
[WhiteElo "2329"]
[BlackElo "2373"]
[PlyCount "106"]
[EventDate "2010.12.26"]

1. Nf3 Nf6 2. g3 d5 3. Bg2 e6 4. c4 Be7 5. O-O O-O 6. b3 d4 7. Bb2 c5 8. b4 Nc6
9. b5 Na5 10. d3 Bd6 11. e3 e5 12. e4 a6 13. a4 Qc7 14. Nbd2 Ne8 15. Nh4 g6 16.
Bc1 Ng7 17. Ndf3 f6 18. Ne1 Be6 19. Nhf3 axb5 20. axb5 Nxc4 21. Rxa8 Rxa8 22.
dxc4 Bxc4 23. Nd2 Bxf1 24. Bxf1 b6 25. Bc4+ Kh8 26. Bd5 Ra1 27. Nc4 f5 28. Nc2
Ra7 29. Bg5 fxe4 30. Bxe4 Qb8 31. Qg4 Be7 32. Bxe7 Rxe7 33. Bxg6 Re6 34. Be4
Qd8 35. Ne1 Qe8 36. Qf3 Qe7 37. Nd3 Ne8 38. Ndxe5 Nf6 39. Qf5 Nxe4 40. Qxe4 Qf6
41. f4 Kg7 42. Kf2 Re7 43. Qc6 Qf5 44. Nd6 Qc2+ 45. Kf3 Qd1+ 46. Ke4 Qe2+ 47.
Kd5 Qg2+ 48. Ne4 Qa2+ 49. Nc4 Rxe4 50. Qd7+ Kg8 51. Qg4+ Kh8 52. Qc8+ Kg7 53.
Qg4+ Kh8 1/2-1/2

[Event "Czech Chess Christmas 2010"]
[Site "Litomysl"]
[Date "2011.01.01"]
[Round "8.7"]
[White "Navratil, Jiri"]
[Black "Kantorik, Marian"]
[Result "0-1"]
[WhiteElo "2120"]
[BlackElo "2351"]
[PlyCount "58"]
[EventDate "2010.12.26"]

1. d4 Nf6 2. Nf3 d5 3. Bf4 c5 4. e3 Nc6 5. c3 Nh5 6. Bg3 Nxg3 7. hxg3 e6 8. Bd3
g6 9. Nbd2 Bd7 10. Qe2 Qe7 11. Rd1 Bg7 12. Kf1 O-O 13. Kg1 e5 14. dxe5 Nxe5 15.
Nxe5 Qxe5 16. Nf3 Qe7 17. Bb5 Be6 18. e4 dxe4 19. Qxe4 Qc7 20. Ng5 Bf5 21. Qh4
h6 22. Bc4 b5 23. Bxb5 Rfb8 24. Nxf7 Qxf7 25. Bc6 g5 26. Qa4 Be6 27. Qe4 Rd8
28. Re1 Bd5 29. Bxd5 Rxd5 0-1

[Event "Czech Chess Christmas 2010"]
[Site "Litomysl"]
[Date "2011.01.01"]
[Round "8.9"]
[White "Cerveny, Martin"]
[Black "Dowgird, Filip"]
[Result "1-0"]
[WhiteElo "2317"]
[BlackElo "2096"]
[PlyCount "59"]
[EventDate "2010.12.26"]

1. d4 Nf6 2. c4 d6 3. Nc3 Nbd7 4. Nf3 e5 5. e4 Be7 6. Be2 O-O 7. O-O c6 8. Re1
a6 9. Bf1 b5 10. a3 Bb7 11. h3 Re8 12. Qc2 exd4 13. Nxd4 bxc4 14. Bxc4 d5 15.
Ba2 Bc5 16. Nf5 g6 17. Nh6+ Kg7 18. Bg5 Qc7 19. Qd2 Qg3 20. Bf4 Qh4 21. exd5
cxd5 22. Rac1 Re6 23. Rxe6 fxe6 24. Ng4 Nxg4 25. hxg4 Rf8 26. Ne4 Rxf4 27. Qxf4
e5 28. Qd2 Bb6 29. Bxd5 Nf6 30. Nxf6 1-0

[Event "Czech Chess Christmas 2010"]
[Site "Litomysl"]
[Date "2011.01.01"]
[Round "8.10"]
[White "Bombek, Peter"]
[Black "Seidl, Stepan"]
[Result "1/2-1/2"]
[WhiteElo "2228"]
[BlackElo "2088"]
[PlyCount "112"]
[EventDate "2010.12.26"]

1. d4 g6 2. Nf3 Nf6 3. c4 Bg7 4. Nc3 d5 5. Bf4 O-O 6. e3 Na6 7. Be2 c5 8. dxc5
Qa5 9. O-O dxc4 10. Bxc4 Nxc5 11. Nb5 Be6 12. Qe2 Rac8 13. Rac1 a6 14. Nbd4
Bxc4 15. Rxc4 Nce4 16. Rfc1 Rxc4 17. Qxc4 Nd2 18. Nxd2 Qxd2 19. Rc2 Qe1+ 20.
Qf1 Qxf1+ 21. Kxf1 Nd5 22. Nf3 Nxf4 23. exf4 Rd8 24. Ke2 Kf8 25. Ne5 Bxe5 26.
fxe5 Rd7 27. Rc8+ Kg7 28. Ke3 Rd5 29. f4 Rb5 30. Rc2 f6 31. exf6+ Kxf6 32. a3
e5 33. b4 exf4+ 34. Kxf4 Rf5+ 35. Ke4 Re5+ 36. Kd4 Re7 37. Rf2+ Kg7 38. Kc5 Re6
39. a4 h5 40. Rd2 Re7 41. h4 Kf6 42. Rf2+ Kg7 43. Rf4 Re6 44. b5 Kh6 45. Rd4
Rf6 46. g3 b6+ 47. Kd5 axb5 48. axb5 g5 49. Ke5 Rf3 50. Rd6+ Kg7 51. hxg5 Rxg3
52. Kf5 Rf3+ 53. Ke4 Rf1 54. Rxb6 h4 55. Rh6 Rb1 56. b6 h3 1/2-1/2

[Event "Czech Chess Christmas 2010"]
[Site "Litomysl"]
[Date "2011.01.01"]
[Round "8.11"]
[White "Navratil, Jiri"]
[Black "Lys, Josef"]
[Result "1-0"]
[WhiteElo "1996"]
[BlackElo "2199"]
[PlyCount "61"]
[EventDate "2010.12.26"]

1. e4 e5 2. Nf3 d6 3. d4 exd4 4. Nxd4 Nf6 5. Nc3 Be7 6. Bc4 O-O 7. O-O Nbd7 8.
f4 c6 9. Kh1 Re8 10. Nf3 b5 11. Bb3 b4 12. Ng5 Rf8 13. Ne2 h6 14. Nd4 Nb8 15.
Qf3 d5 16. exd5 hxg5 17. fxg5 Nxd5 18. Nxc6 Nxc6 19. Bxd5 Ne5 20. Qe4 Ba6 21.
Re1 Bd6 22. Bxa8 Qxa8 23. Bf4 Bb7 24. Qe2 Re8 25. Rad1 Bb8 26. g6 fxg6 27. Bxe5
Rxe5 28. Rd8+ Kh7 29. Qxe5 Bxg2+ 30. Kg1 Bh3 31. Qg5 1-0

[Event "Czech Chess Christmas 2010"]
[Site "Litomysl"]
[Date "2011.01.01"]
[Round "8.12"]
[White "Olsarova, Tereza"]
[Black "Bakalar, Jan"]
[Result "1-0"]
[WhiteElo "2185"]
[BlackElo "2081"]
[PlyCount "65"]
[EventDate "2010.12.26"]

1. e4 c5 2. Nf3 a6 3. c4 e6 4. d4 cxd4 5. Nxd4 Nf6 6. Nc3 Qc7 7. Bd3 Bd6 8. Bg5
Be5 9. Nde2 h6 10. Bh4 Nc6 11. a3 Ne7 12. Bxf6 Bxf6 13. O-O Ng6 14. f4 Bxc3 15.
bxc3 e5 16. f5 Ne7 17. Ng3 f6 18. Qh5+ Kf8 19. Rad1 Qc5+ 20. Kh1 d6 21. Qh4 Bd7
22. Nh5 Ng8 23. Qg3 Rh7 24. Be2 Be8 25. Rd5 Qxa3 26. Rfd1 Rd8 27. c5 Bxh5 28.
Bxh5 g5 29. fxg6 Rc7 30. cxd6 Rcd7 31. Qd3 f5 32. Rxe5 Nf6 33. Rxf5 1-0

[Event "Czech Chess Christmas 2010"]
[Site "Litomysl"]
[Date "2011.01.01"]
[Round "8.14"]
[White "Ruzicka, Vaclav"]
[Black "Madan, Augustin"]
[Result "0-1"]
[WhiteElo "2024"]
[BlackElo "2339"]
[PlyCount "100"]
[EventDate "2010.12.26"]

1. c4 e5 2. Nc3 Nc6 3. g3 f5 4. Bg2 Nf6 5. d3 g6 6. e3 Bg7 7. Nge2 d6 8. O-O
O-O 9. d4 Ne7 10. b3 e4 11. Ba3 c6 12. Rc1 Be6 13. Qd2 Bf7 14. Na4 b5 15. cxb5
cxb5 16. Nac3 Qb6 17. Nb1 a5 18. Rc2 b4 19. Bb2 a4 20. bxa4 Rxa4 21. a3 b3 22.
Rc3 Bc4 23. Rcc1 d5 24. Nec3 Ra7 25. Rfe1 Nc6 26. Bf1 Bxf1 27. Rxf1 g5 28. f3
Ne7 29. fxe4 dxe4 30. Qe2 Qe6 31. Nb5 Rb7 32. Rc5 Nd7 33. Nc7 Qf7 34. Rc3 Nb6
35. Qa6 Rxc7 36. Qxb6 Nd5 37. Rxc7 Nxb6 38. Rxf7 Rxf7 39. Nc3 Nc4 40. Nd1 Bf8
41. Rf2 Nxa3 42. Bc3 Nc2 43. Kf1 Ba3 44. Ke2 Bc1 45. Bb2 Bxb2 46. Nxb2 Nb4 47.
g4 f4 48. Kd2 fxe3+ 49. Kxe3 Rxf2 50. Kxf2 Nd3+ 0-1

[Event "Czech Chess Christmas 2010"]
[Site "Litomysl"]
[Date "2011.01.01"]
[Round "8.16"]
[White "Volodin, Viktor"]
[Black "Seidl, Antonin"]
[Result "1-0"]
[WhiteElo "2223"]
[BlackElo "1983"]
[PlyCount "88"]
[EventDate "2010.12.26"]

1. Nf3 b6 2. c4 Bb7 3. d4 g6 4. g3 Bg7 5. Bg2 d6 6. O-O Nd7 7. Nc3 Ngf6 8. Qc2
O-O 9. h3 a6 10. e4 e6 11. Be3 h6 12. Rad1 Kh7 13. Rfe1 Ng8 14. Kh2 Rb8 15. b4
Re8 16. Ng1 Qe7 17. a3 Qf6 18. f4 Qd8 19. c5 Ne7 20. a4 f5 21. exf5 exf5 22.
Nf3 Nf6 23. b5 axb5 24. axb5 Ned5 25. Nxd5 Bxd5 26. c6 Ra8 27. Nd2 Ra2 28. Qd3
Bxg2 29. Kxg2 d5 30. Ra1 Qa8 31. Rxa2 Qxa2 32. Re2 Qa4 33. Nf3 Ne4 34. Ne5 Ra8
35. Rb2 Bf8 36. Qb3 Qxb3 37. Rxb3 Ra5 38. Nd7 Be7 39. Bd2 Ra4 40. Be3 Rb4 41.
Rxb4 Bxb4 42. g4 Kg7 43. gxf5 gxf5 44. Bf2 Nd6 {63 moves} 1-0

[Event "Czech Chess Christmas 2010"]
[Site "Litomysl"]
[Date "2011.01.01"]
[Round "8.17"]
[White "Cizinsky, Petr"]
[Black "Kraus, Ondrej"]
[Result "1-0"]
[WhiteElo "2148"]
[BlackElo "1973"]
[PlyCount "61"]
[EventDate "2010.12.26"]

1. e4 c6 2. d4 d5 3. Nd2 dxe4 4. Nxe4 Bf5 5. Ng3 Bg6 6. h4 h6 7. Nf3 Nd7 8. h5
Bh7 9. Bd3 Bxd3 10. Qxd3 Ngf6 11. Bd2 e6 12. O-O-O Qc7 13. Qe2 O-O-O 14. Ne5
Nxe5 15. dxe5 Nd5 16. c4 Nb4 17. Bxb4 Bxb4 18. a3 Be7 19. f4 Qb6 20. Ne4 Qb3
21. c5 Rd5 22. Nd6+ Kd7 23. Rh3 Qa4 24. Rxd5 cxd5 25. Qg4 Bxd6 26. cxd6 Rc8+
27. Kb1 Qe4+ 28. Ka2 Qc4+ 29. Rb3 a5 30. Qxg7 a4 31. Qxf7+ 1-0

[Event "Czech Chess Christmas 2010"]
[Site "Litomysl"]
[Date "2011.01.01"]
[Round "8.19"]
[White "Olsar, Zdenek"]
[Black "Galvanek, Ladislav"]
[Result "1/2-1/2"]
[WhiteElo "1984"]
[BlackElo "2091"]
[PlyCount "74"]
[EventDate "2010.12.26"]

1. Nf3 d5 2. d4 Nf6 3. c4 e6 4. Nc3 c5 5. cxd5 Nxd5 6. e4 Nxc3 7. bxc3 cxd4 8.
cxd4 Bb4+ 9. Bd2 Bxd2+ 10. Qxd2 O-O 11. Bc4 b6 12. O-O Bb7 13. Rfe1 Nd7 14.
Rad1 Rc8 15. Bd3 Re8 16. Qf4 Qf6 17. Qg3 h6 18. e5 Qe7 19. Nd2 Qg5 20. Qh3 Bd5
21. Re3 f5 22. exf6 Nxf6 23. Nf3 Qg4 24. Qxg4 Nxg4 25. Re2 Rc3 26. Ne5 Nxe5 27.
dxe5 Rec8 28. f3 Rc1 29. Ree1 Rxd1 30. Rxd1 Rc5 31. Bg6 Kf8 32. Rd4 Rc4 33.
Rxc4 Bxc4 34. a3 Ke7 35. Kf2 Kd7 36. Ke3 Kc6 37. Kd4 Bd5 1/2-1/2

[Event "Czech Chess Christmas 2010"]
[Site "Litomysl"]
[Date "2011.01.01"]
[Round "8.20"]
[White "Lorenc, Oldrich"]
[Black "Mass, Elvira"]
[Result "1-0"]
[WhiteElo "2077"]
[BlackElo "1988"]
[PlyCount "87"]
[EventDate "2010.12.26"]

1. Nf3 g6 2. d4 Bg7 3. e4 d6 4. c3 Nf6 5. Bd3 O-O 6. h3 c5 7. O-O Qb6 8. Qe2
Nc6 9. Be3 cxd4 10. Nxd4 Nxd4 11. Bxd4 Qc7 12. Na3 e5 13. Nb5 Qd8 14. Bxa7 b6
15. a4 Ba6 16. Qe3 Nd7 17. Ra3 Nc5 18. Bc4 Rxa7 19. Nxa7 Bxc4 20. Rd1 Bb3 21.
Rd2 Bxa4 22. b4 Nb3 23. Rxa4 Nxd2 24. Qxd2 Qd7 25. b5 f5 26. Nc6 fxe4 27. Qd5+
Qf7 28. Qxf7+ Rxf7 29. Rxe4 d5 30. Ra4 e4 31. Ra8+ Bf8 32. Rd8 Kg7 33. Rxd5 Bc5
34. Nd4 Re7 35. Kf1 Kf6 36. Ke2 Ra7 37. g4 Ra3 38. g5+ Kf7 39. Kd2 Ra2+ 40. Ke3
Ra3 41. Kd2 Ra2+ 42. Ke3 Rc2 43. Rxc5 bxc5 44. Nxc2 1-0

[Event "Czech Chess Christmas 2010"]
[Site "Litomysl"]
[Date "2011.01.02"]
[Round "9.1"]
[White "Biolek, Richard"]
[Black "Bernasek, Jan"]
[Result "1/2-1/2"]
[WhiteElo "2413"]
[BlackElo "2490"]
[PlyCount "25"]
[EventDate "2010.12.26"]

1. e4 c5 2. Nf3 e6 3. d3 d5 4. Nbd2 Nf6 5. g3 Nc6 6. Bg2 Be7 7. O-O b6 8. Re1
Bb7 9. a3 Nd7 10. Nf1 Qc7 11. Qe2 h6 12. c3 g5 13. h3 1/2-1/2

[Event "Czech Chess Christmas 2010"]
[Site "Litomysl"]
[Date "2011.01.02"]
[Round "9.3"]
[White "Cerveny, Martin"]
[Black "Sabol, Marian"]
[Result "1-0"]
[WhiteElo "2317"]
[BlackElo "2392"]
[PlyCount "119"]
[EventDate "2010.12.26"]

1. d4 d6 2. c4 e5 3. Nf3 Nd7 4. Nc3 g6 5. e4 Bg7 6. Be2 Ngf6 7. O-O O-O 8. Re1
h6 9. Bf1 Kh7 10. h3 b6 11. Be3 Bb7 12. Qc2 exd4 13. Nxd4 Nc5 14. f3 Ne6 15.
Nde2 a5 16. Rad1 Nd7 17. Rd2 Bc6 18. Red1 Qe7 19. Nd5 Bxd5 20. Rxd5 Nec5 21.
Bf2 Ne5 22. b3 Rae8 23. a3 Nc6 24. Rb1 Be5 25. b4 axb4 26. axb4 Ne6 27. Kh1 Qf6
28. Qd2 Ne7 29. Rd3 g5 30. g3 h5 31. Bg2 h4 32. gxh4 gxh4 33. f4 Bxf4 34. Nxf4
Qxf4 35. Be3 Qe5 36. Qe2 Qg3 37. Qd2 Rg8 38. Rf1 Rg7 39. Bd4 Qxg2+ 40. Qxg2
Rxg2 41. Kxg2 Nxd4 42. Rxd4 Nc6 43. Rd2 Rg8+ 44. Kh2 Ne5 45. Rf4 Rg6 46. c5
bxc5 47. bxc5 dxc5 48. Rd5 f6 49. Rxc5 c6 50. Rxh4+ Kg7 51. Rc3 c5 52. Rg3 c4
53. Rxg6+ Kxg6 54. Rh8 Nf7 55. Rg8+ Kh5 56. Kg3 c3 57. Rc8 Nd6 58. Rc5+ f5 59.
Kf4 c2 60. exf5 1-0

[Event "Czech Chess Christmas 2010"]
[Site "Litomysl"]
[Date "2011.01.02"]
[Round "9.4"]
[White "Bures, Jaroslav"]
[Black "Olsarova, Tereza"]
[Result "1-0"]
[WhiteElo "2373"]
[BlackElo "2185"]
[PlyCount "75"]
[EventDate "2010.12.26"]

1. Nf3 c5 2. e4 Nc6 3. d4 cxd4 4. Nxd4 Nf6 5. Nc3 e5 6. Ndb5 d6 7. Bg5 a6 8.
Na3 b5 9. Nd5 Be7 10. Bxf6 Bxf6 11. c3 O-O 12. Nc2 Bg5 13. a4 bxa4 14. Rxa4 a5
15. Bc4 Rb8 16. b3 g6 17. Qe2 Kh8 18. h4 Bxh4 19. g3 Bf6 20. f4 exf4 21. gxf4
Bg7 22. Qh2 h6 23. Nce3 f5 24. Qg2 Ne7 25. Qg5 Ng8 26. Qxg6 fxe4 27. Ra2 Rb7
28. Rah2 Qe8 29. Qg5 Qd8 30. Ne7 Rxe7 31. Bxg8 Kxg8 32. Rxh6 Re6 33. Rh8+ Kf7
34. Qxd8 Rxd8 35. Rxd8 Re8 36. Rxe8 Bxc3+ 37. Kf2 Kxe8 38. Rc1 1-0

[Event "Czech Chess Christmas 2010"]
[Site "Litomysl"]
[Date "2011.01.02"]
[Round "9.5"]
[White "Kantorik, Marian"]
[Black "Navratil, Jiri"]
[Result "0-1"]
[WhiteElo "2351"]
[BlackElo "1996"]
[PlyCount "96"]
[EventDate "2010.12.26"]

1. d4 d5 2. c4 Nc6 3. Nc3 dxc4 4. Nf3 Nf6 5. d5 Na5 6. Qa4+ c6 7. b4 b5 8. Qxa5
Qxa5 9. bxa5 b4 10. Na4 cxd5 11. Be3 Bf5 12. Bc5 e6 13. Bxf8 Rxf8 14. Nd4 Bg6
15. Nc6 Bc2 16. Nb2 b3 17. axb3 Bxb3 18. e3 Kd7 19. Nd4 Rab8 20. Be2 e5 21.
Nxb3 Rxb3 22. Na4 Kc6 23. O-O Rfb8 24. Rfc1 R3b4 25. Kf1 Ne4 26. Ke1 Kb5 27. f3
Nc5 28. Nxc5 Kxc5 29. a6 d4 30. Bd3 R8b6 31. Ra5+ R6b5 32. Ra2 Rb6 33. Rac2 c3
34. exd4+ exd4 35. Re2 Rb2 36. Rcc2 Rb1+ 37. Kf2 Rd1 38. Bxh7 g6 39. Re7 Rb2
40. Ree2 Rxc2 41. Rxc2 Rb1 42. Re2 Rb2 43. Ke1 Rxe2+ 44. Kxe2 Kc4 45. Bg8 d3+
46. Kd1 c2+ 47. Kd2 Kb3 48. Bxf7+ Kb2 0-1

[Event "Czech Chess Christmas 2010"]
[Site "Litomysl"]
[Date "2011.01.02"]
[Round "9.6"]
[White "Bolacky, Jiri"]
[Black "Strebkovs, Andrejs"]
[Result "1/2-1/2"]
[WhiteElo "2237"]
[BlackElo "2329"]
[PlyCount "139"]
[EventDate "2010.12.26"]

1. e4 e6 2. d4 d5 3. Nc3 Bb4 4. e5 c5 5. a3 Bxc3+ 6. bxc3 Ne7 7. Qg4 Kf8 8. Qd1
b6 9. Nf3 Ba6 10. Bxa6 Nxa6 11. O-O Qc7 12. a4 Rc8 13. Ba3 Ke8 14. Qe2 Nb8 15.
c4 cxd4 16. Bxe7 Kxe7 17. cxd5 Qxc2 18. d6+ Kd8 19. Qxc2 Rxc2 20. Nxd4 Rc5 21.
a5 bxa5 22. Rfc1 Rxe5 23. Rc7 Rd5 24. Rb7 Kc8 25. Rab1 Na6 26. Rxa7 Rxd4 27.
Ra8+ Kd7 28. Rxh8 a4 29. Ra8 Rxd6 30. Ra7+ Nc7 31. Rxa4 Rc6 32. g3 Ke7 33. Ra7
Kd6 34. Rd1+ Ke7 35. Kg2 h5 36. Rb1 g6 37. Rbb7 Kd6 38. Rb8 Rc5 39. Rd8+ Ke7
40. Rc8 Kd7 41. Rf8 Ke7 42. Rb8 Kd6 43. h4 Rc2 44. Rb6+ Kd7 45. Rb3 Kd6 46. Rf3
Ke7 47. Kf1 Rc1+ 48. Ke2 Rc2+ 49. Kd3 Rc6 50. Rb7 Rd6+ 51. Kc4 Rd7 52. Ra3 Nd5
53. Rxd7+ Kxd7 54. Ra7+ Ke8 55. Kd4 Kf8 56. Kc5 Kg7 57. Kd6 Nf6 58. Kc7 Ne4 59.
Ra3 Nf6 60. Rf3 Ng8 61. Kc8 Nh6 62. Rd3 Ng8 63. f3 Nf6 64. Kc7 Nd5+ 65. Kd6 Nf6
66. Ke5 Nd5 67. Rxd5 exd5 68. Kxd5 Kf6 69. g4 g5 70. hxg5+ 1/2-1/2

[Event "Czech Chess Christmas 2010"]
[Site "Litomysl"]
[Date "2011.01.02"]
[Round "9.7"]
[White "Olsarova, Karolina"]
[Black "Svana, Peter"]
[Result "1-0"]
[WhiteElo "2202"]
[BlackElo "2227"]
[PlyCount "87"]
[EventDate "2010.12.26"]

1. e4 c5 2. Nf3 e6 3. c4 d6 4. Nc3 Nf6 5. Be2 Be7 6. O-O O-O 7. d4 cxd4 8. Nxd4
a6 9. Kh1 Qc7 10. Be3 Nbd7 11. Rc1 b6 12. f3 Bb7 13. Qd2 Rac8 14. h3 Qb8 15.
Nc2 Bd8 16. Bf4 Bc7 17. Rfd1 Ne5 18. b3 d5 19. exd5 Rcd8 20. Ne3 Nh5 21. Bh2
Nf6 22. Qe1 Ng6 23. Bxc7 Qxc7 24. dxe6 fxe6 25. Rxd8 Rxd8 26. Rd1 Rxd1 27. Bxd1
Nh5 28. Bc2 Ngf4 29. Ned5 Nxd5 30. Qxe6+ Qf7 31. Qxf7+ Kxf7 32. Nxd5 b5 33. Kg1
bxc4 34. bxc4 Bxd5 35. cxd5 Nf4 36. Kf2 Nxd5 37. Bb3 Ke6 38. Ke2 Ke5 39. Bxd5
Kxd5 40. Kd3 g5 41. g3 h5 42. f4 h4 43. fxg5 hxg3 44. Ke3 1-0

[Event "Czech Chess Christmas 2010"]
[Site "Litomysl"]
[Date "2011.01.02"]
[Round "9.10"]
[White "Heinzel, Olaf"]
[Black "Kotva, Milan"]
[Result "1-0"]
[WhiteElo "2328"]
[BlackElo "2070"]
[PlyCount "89"]
[EventDate "2010.12.26"]

1. d4 d5 2. Bf4 Nf6 3. Nf3 e6 4. Nbd2 Be7 5. h3 Nbd7 6. e3 Ne4 7. Nxe4 dxe4 8.
Nd2 f5 9. g4 Nb6 10. gxf5 exf5 11. c4 Be6 12. a3 Bf6 13. Qc2 O-O 14. O-O-O Nd7
15. f3 exf3 16. Nxf3 c6 17. Bd3 b5 18. c5 a5 19. Bxf5 Bxf5 20. Qxf5 Qe7 21. Qd3
Rfd8 22. Bd6 Qf7 23. e4 Re8 24. Rhf1 Qh5 25. e5 Bd8 26. Nd2 a4 27. Qf5 Qxf5 28.
Rxf5 Ba5 29. Ne4 b4 30. Rdf1 bxa3 31. bxa3 Nf8 32. Rxf8+ Rxf8 33. Rxf8+ Rxf8
34. Bxf8 Kxf8 35. Kc2 Ke7 36. Nc3 g5 37. Nxa4 h5 38. Kd1 Ke6 39. Ke2 Kf5 40.
Nb6 Bc3 41. Kd3 Be1 42. Nc4 Bf2 43. a4 g4 44. hxg4+ Kxg4 45. e6 1-0

[Event "Czech Chess Christmas 2010"]
[Site "Litomysl"]
[Date "2011.01.02"]
[Round "9.11"]
[White "Jedlicka, Ales"]
[Black "Lorenc, Oldrich"]
[Result "1-0"]
[WhiteElo "2261"]
[BlackElo "2077"]
[PlyCount "67"]
[EventDate "2010.12.26"]

1. d4 Nf6 2. c4 c5 3. d5 d6 4. Nc3 g6 5. Nf3 Bg7 6. e4 O-O 7. h3 a6 8. a4 h6 9.
Bd3 e5 10. dxe6 Bxe6 11. O-O Nc6 12. Nd5 Nd7 13. Be3 Kh7 14. Rb1 Bxd5 15. cxd5
Nb4 16. Re1 Re8 17. Bf4 Ne5 18. Nxe5 Bxe5 19. Bxe5 Rxe5 20. f4 Re8 21. Bc4 Qh4
22. Qd2 Rad8 23. b3 Qg3 24. Rbc1 g5 25. Rf1 g4 26. Rc3 Qh4 27. e5 Rg8 28. g3
gxh3 29. Kh2 Qg4 30. Re3 Rg7 31. Be2 Qf5 32. g4 Qc2 33. Qxc2+ Nxc2 34. Bd3+ 1-0

[Event "Czech Chess Christmas 2010"]
[Site "Litomysl"]
[Date "2011.01.02"]
[Round "9.12"]
[White "Weissmann, Lukas"]
[Black "Novotny, Michal"]
[Result "0-1"]
[WhiteElo "2146"]
[BlackElo "2255"]
[PlyCount "46"]
[EventDate "2010.12.26"]

1. e3 e5 2. c4 d6 3. Nc3 Nc6 4. d4 g6 5. Nf3 Bg7 6. Be2 Nge7 7. O-O O-O 8. dxe5
Nxe5 9. Qc2 Bf5 10. e4 Be6 11. Nxe5 dxe5 12. Rd1 Qb8 13. Be3 Nc6 14. Nd5 a5 15.
f4 exf4 16. Nxf4 Qc8 17. Rd2 Re8 18. Nd5 Nb4 19. Nxb4 axb4 20. Bc5 Bh6 21. Bxb4
Bxd2 22. Qxd2 Qd8 23. Qh6 Qd4+ 0-1